Sports Quiz

Random Sports or NFL Quiz

Super Bowl Winning QBs by Picture Quiz Stats

Quiz Updated Feb 25, 2018

Challenge
Share
Tweet
Score 0/32 Timer 04:00
5 Plays Today
Picture Quarterback % Correct
Peyton Manning
96.7%
Eli Manning
96.6%
Tom Brady
95.4%
Joe Montana
94.7%
Aaron Rodgers
91.6%
Brett Favre
91.4%
Russell Wilson
91.3%
Drew Brees
89.7%
Troy Aikman
88.5%
John Elway
88.4%
Steve Young
87.5%
Terry Bradshaw
86.3%
Joe Flacco
85.9%
Kurt Warner
82.2%
Joe Namath
80.6%
Ben Roethlisberger
80%
Picture Quarterback % Correct
Bart Starr
78.4%
Johnny Unitas
76.7%
Phil Simms
75.6%
Nick Foles
74%
Roger Staubach
69.5%
Trent Dilfer
67.8%
Jim McMahon
61.3%
Brad Johnson
58.1%
Joe Theismann
57.7%
Doug Williams
56.4%
Bob Griese
53.9%
Ken Stabler
53.5%
Jim Plunkett
46.7%
Mark Rypien
44.3%
Len Dawson
43.5%
Jeff Hostetler
38.6%

You're not logged in!

Compare scores with friends on all Sporcle quizzes.
Join for Free
OR
Log In

You Might Also Like...

Show Comments

Extras

Top Quizzes Today


Score Distribution

Your Account Isn't Verified!

In order to create a playlist on Sporcle, you need to verify the email address you used during registration. Go to your Sporcle Settings to finish the process.

Report this User

Report this user for behavior that violates our Community Guidelines.

Details: